| 000 | 00523nam a2200181Ia 4500 | ||
|---|---|---|---|
| 008 | 090123s9999 xx 000 0 und d | ||
| 082 | _b36306 | ||
| 100 | _aबापट मुकुंद | ||
| 245 | _aमनीषा | ||
| 250 | _a1 | ||
| 260 |
_bसुर्याक्षर विविधा प्रकाशन _c2001 |
||
| 300 | _a168 | ||
| 600 | _aबापट मुकुंद | ||
| 630 | _aमनीषा | ||
| 700 | _aबापट मुकुंद | ||
| 730 | _aमनीषा | ||
| 942 | _cBOOK | ||
| 999 |
_c74373 _d74373 |
||